| 000 | 00000nas 2200000zi 4500 |
| 001 | 9.936079 |
| 003 | CaOODSP |
| 005 | 20250224181919 |
| 006 | m o d f |
| 007 | cr ||||||||||| |
| 008 | 240408u1989uuuuxxc x m ot f0###|0eng|d |
| 040 | |aCaOODSP|beng|erda|cCaOODSP |
| 043 | |an-cn-bc |
| 086 | 1 |aDR52-12E-PDF |
| 130 | 0 |aContractors report series. |
| 245 | 10|aContractors report series. |
| 246 | 1 |iSome issues have title: |aContractors report |
| 246 | 1 |iSome issues have title: |aContractor report |
| 246 | 1 |iSome issues have title: |aDREP contractors report |
| 264 | 1|a[Victoria, B.C.] : |bDefence Research Establishment Pacific = Centre de recherches pour la défense pacifique : |bResearch and Development Branch, Department of National Defence |
| 310 | |aIrregular |
| 336 | |atext|btxt|2rdacontent |
| 337 | |acomputer|bc|2rdamedia |
| 338 | |aonline resource|bcr|2rdacarrier |
| 500 | |aPlace of publication varies. |
| 515 | |aSome issues published out of chronological order. |
| 588 | |aDescription based on: 89-19 ([March 1989]); title from PDF cover page. |
| 588 | |aLatest issue consulted: 93-54 (August 1993). |
| 650 | 0|aMilitary research|zCanada. |
| 650 | 6|aRecherche militaire|zCanada. |
| 710 | 2 |aDefence Research Establishment Pacific, |eissuing body. |
| 710 | 1 |aCanada. |bDepartment of National Defence. |bResearch and Development Branch, |eissuing body. |